载入...

Research methods

书目详细资料
主要作者: Ahuja, Ram
格式: Printed Book
出版: Rawat Pub: Jaipur 2001
主题:
LEADER 00505nam a2200193 4500
020 |a 8170336546  |c 675 
082 |a R 001.42 AHU 
100 |a Ahuja, Ram 
245 |a Research methods  |c Ahuja, Ram 
250
260 |a Rawat Pub: Jaipur  |c 2001 
300 |a 454 p 
490
500
590
650 |a Research methodology 
942 |c BK 
999 |c 137187  |d 137187 
952 |0 0  |1 0  |4 0  |6 R_001_420000000000000_AHU  |7 0  |9 150647  |a IMK  |b IMK  |g 675.00  |l 0  |o R 001.42 AHU  |p IMK04193  |r 2019-10-25  |w 2019-10-25  |y BK